000 00893nas a2200253 454500
001 28719
005 20260407193507.0
008 260407s1984####ag###########|||spa#d
003 AR-UNSa-BCEJYS
040 _aAR-UNSa-BCEJYS
_bspa
_cAR-UNSa-BCEJYS
080 _a314.7
_xMigración
245 1 0 _aRevista del CIM sobre migraciones en América Latina
_nICM Latin American migration journal
022 _a0253-8202
264 1 _aSantiago de Chile :
_bCIMAL
_c1984
310 _aFrecuencia: Irregular
041 _aspa
942 _cSER
590 _aniveau_biblio:s niveau_hierar:1
100 1 _aComite Intergubernamental para las Migraciones (CIM)
650 _aMigración
650 _aAmérica Latina
650 _aMigración laboral
856 4 1 _uhttps://biblioeco.unsa.edu.ar/pmb/images/revistas/Revista del CIM sobre migraciones en America Latina-r13824.jpg
_yImagen de portada
_qimage/jpeg
999 _c8653
_d8653